Countries you can fly to from Kuala Lumpur Airport (KUL) - Statistics

General Stats
  • This quiz has been taken 19 times
  • The average score is 38 of 39
Answers on the Map
Answers color-coded by a green-red scale on the quiz's map according to % correct below.
 
Answer Stats
Number of destinations Country % Correct
5 Australia
100%
1 Bangladesh
100%
1 Bhutan
100%
3 Cambodia
100%
33 China
100%
1 East Timor
100%
1 France
100%
1 Germany
100%
14 India
100%
17 Indonesia
100%
5 Japan
100%
1 Laos
100%
15 Malaysia
100%
1 Myanmar
100%
1 Nepal
100%
1 Netherlands
100%
1 New Zealand
100%
1 Oman
100%
3 Pakistan
100%
2 Philippines
100%
1 Qatar
100%
3 Saudi Arabia
100%
1 Singapore
100%
2 South Korea
100%
1 Sri Lanka
100%
2 Taiwan
100%
6 Thailand
100%
2 Turkey
100%
3 United Arab Emirates
100%
1 United Kingdom
100%
6 Vietnam
100%
1 Bahrain
93%
1 Brunei
93%
1 Maldives
93%
1 Uzbekistan
93%
1 Kazakhstan
87%
1 Turkmenistan
87%
1 Mauritius
60%
1 Algeria
47%
No matching quizzes found
Score Distribution
Percent of People with Each Score
Percentile by Number Answered
Your Score History
You have not taken this quiz